MDQL
is popping MORE tags! Check the
thread
!
Quizzes
Events
Quiz Creation
Community
Videos
Private Events
Remove Ads
Sign In
Join for FREE
Feedback
Dark Mode
Quiz Categories
Sports
Geography
Music
Movies
Television
Just For Fun
Miscellaneous
History
Literature
Language
Science
Gaming
Entertainment
Religion
Holiday
For Kids
Quiz Lab
Recent
Popular Today
Quiz Kudos Today
Editor Picks
Curator Picks
Quizzes by...
Day
Popularity
Type
Ratings
Length
Year
Community
Subscriptions
Recent Discussions
Orange Saloon
Badges
Playlists
Quests
Create
Leaderboards
Showdown
Live 5
Trivia Bingo
Activity
Puzzle Library
Sporcle Events
Private Events
Virtual Trivia
Globe League
Become a Host
Pub Owners
SporcleCon
Opinionation
Our Games
Videos
Blog
Mobile Apps
Partnerships
Remove Ads and Go Orange
Feedback
Geography
Country
Landmarks
City
State
Population
World
Capital
Continent
Flags
Europe
Africa
Asia
South America
North America
Oceania
Border
Canada
United Kingdom
Topography
United States
Geography
Country
Landmarks
City
State
Population
World
Capital
Continent
Flags
Europe
Africa
Asia
South America
North America
Oceania
Border
Canada
United Kingdom
Topography
United States
Random Quiz
Search Sporcle
×
Quiz Lab
Quiz Lab
Geography
Country
Type in answers that appear in a list
Type in answers that appear in a list
Classic
Best Score? Go Orange.
Countries with top 50 universities. Stats
Can you name the countries with the top 50 universities in the world?
By
javonzir
4m
69 Questions
1,909 Plays
1,909 Plays
1,909 Plays
Comments
Comments
Give Quiz Kudos
Give Quiz Kudos
-
- Ratings
hide this ad
More Info
Replay
Link that replays current quiz
Next Quiz
Link to next quiz in quiz playlist
You Got
0%
They Got
Avg Score
85%
Avg Friend Score
Upgrade to see
Score Distribution
Jump to the score distribution portion of the page
Score
0/69
Timer
04:00
0
Plays Today
table
Country
% Correct
Overall
United States
99.9%
Art and Humanities
United States
99.9%
Life Sciences and Medicine
United States
99.9%
Natural Sciences
United States
99.9%
Social Sciences and Management
United States
99.9%
Overall
United Kingdom
99.1%
Art and Humanities
United Kingdom
99.1%
Life Sciences and Medicine
United Kingdom
99.1%
Natural Sciences
United Kingdom
99.1%
Social Sciences and Management
United Kingdom
99.1%
Overall
Canada
97.3%
Art and Humanities
Canada
97.3%
Life Sciences and Medicine
Canada
97.3%
Natural Sciences
Canada
97.3%
Social Sciences and Management
Canada
97.3%
Overall
France
97.2%
Overall
China
97.2%
Art and Humanities
France
97.2%
Art and Humanities
China
97.2%
Life Sciences and Medicine
China
97.2%
Life Sciences and Medicine
France
97.2%
Natural Sciences
China
97.2%
Natural Sciences
France
97.2%
Social Sciences and Management
China
97.2%
Social Sciences and Management
France
97.2%
Overall
Japan
96.9%
Art and Humanities
Japan
96.9%
Life Sciences and Medicine
Japan
96.9%
Natural Sciences
Japan
96.9%
Social Sciences and Management
Japan
96.9%
Art and Humanities
Germany
96.1%
Life Sciences and Medicine
Germany
96.1%
Natural Sciences
Germany
96.1%
Art and Humanities
Italy
94.8%
Life Sciences and Medicine
Italy
94.8%
table
Country
% Correct
Natural Sciences
Italy
94.8%
Social Sciences and Management
Italy
94.8%
Overall
Australia
93.7%
Art and Humanities
Australia
93.7%
Life Sciences and Medicine
Australia
93.7%
Natural Sciences
Australia
93.7%
Social Sciences and Management
Australia
93.7%
Natural Sciences
Russia
93.3%
Art and Humanities
Mexico
89.3%
Life Sciences and Medicine
India
85.9%
Overall
South Korea
82.8%
Art and Humanities
South Korea
82.8%
Life Sciences and Medicine
South Korea
82.8%
Natural Sciences
South Korea
82.8%
Social Sciences and Management
South Korea
82.8%
Overall
Switzerland
81.8%
Life Sciences and Medicine
Switzerland
81.8%
Natural Sciences
Switzerland
81.8%
Art and Humanities
Netherlands
79.5%
Life Sciences and Medicine
Netherlands
79.5%
Social Sciences and Management
Netherlands
79.5%
Social Sciences and Management
New Zealand
77.9%
Art and Humanities
Argentina
73.5%
Social Sciences and Management
Argentina
73.5%
Overall
Singapore
55.9%
Art and Humanities
Singapore
55.9%
Life Sciences and Medicine
Singapore
55.9%
Natural Sciences
Singapore
55.9%
Social Sciences and Management
Singapore
55.9%
Overall
Hong Kong*
24.6%
Art and Humanities
Hong Kong*
24.6%
Life Sciences and Medicine
Hong Kong*
24.6%
Natural Sciences
Hong Kong*
24.6%
Social Sciences and Management
Hong Kong*
24.6%
Quiz Playlist
Details
Report
Send in Message
Add To Playlist
More Info:
Please note that one of the answers (Anyland*) is a Special Administrative Area of another country.
Classic:
Type in answers that appear in a list
Quiz Source
Last Updated: Feb 16, 2017
Quiz Scoreboard
CHALLENGE
Sign Up to Join the Scoreboard
Show All
Scores
Hide
Comments
May contain spoilers
Recently Published
Colored Red Africa Blitz
by spor1
Geography
30s
Find the 'City' Movie
by crazypaving
Movies
60s
5x2 Blitz: Bands
by SL_Kpop136
Music
30s
More to Explore
Quiz From the Vault
Featured Blog Post
14 Easter Pick-up Lines to Find Eggs With
hide this ad
You Might Also Like...
Tags
Country Quiz
University Quiz
World Quiz
Placed
Table
Today's Top Quizzes in Geography
Browse Geography
hide this ad
Today's Top Quizzes in Country
Browse Country
Top Contributed Quizzes in Geography
1
Countries of the World - No Outlines Minefield
2
Colored Red Europe Blitz I
3
Colored Red Africa Blitz II
4
Colored Red Europe Blitz II
5
Colored Red Africa Blitz III
6
Colored Red Europe Blitz III
7
Colored Red States Blitz I
8
African Flag Reveal XLVI
9
Colored Red States Blitz II
10
Colored Red States Blitz III
Explore More
Trending Topics
Anime
Marvel
Disney
Kpop
Crossword
Harry Potter
NBA
WWE
Soccer
Puzzle
Pokémon
Song
Country
NFL
The Office
hide this ad
More By:
javonzir
Quiz
Plays
Rating
Category
Featured
Created
Participants of the 2011 Rugby World Cup
14,330
4.49
Sports
Nov 27, 2010
Countries with top 50 universities.
1,909
3.09
Geography
Sep 6, 2011
Quite Interesting (QI) questions.
1,671
3.38
Miscellaneous
Sep 29, 2010
battle of britain
982
4.50
History
Jul 14, 2010
most dangerous airports
442
2.13
Geography
Oct 14, 2010
Go to Creator's Profile
Score Distribution
Quiz Creator Spotlight
javonzir
Follow
Send a Message
Quizzes Created
-
Created Quiz Play Count
-
More By This Creator
Popular Quizzes Today
1
Colored Red Africa Blitz
2
Find the 'City' Movie
3
5x2 Blitz: Bands
4
Find the US States - No Outlines Minefield
5
The Countries of the World
6
Find the US States
7
US States
8
Find the Countries of Europe - No Outlines Minefield
More Geography Quizzes
Quick Pick: Australia top 10 cities
Quiz Lab
Trending Quizzes
Colored Red Europe Blitz I
Colored Red Europe Blitz II
Colored Red Africa Blitz II
Colored Red Europe Blitz III
Colored Red Africa Blitz III
Recently Updated
How Do You Spell That?
pecheneg
Godzilla Movies
pecheneg
Grab Bag: 4-10 Letters
pecheneg
2024 March Madness Bracket
pecheneg
Famous TV Couples
Peacemaker
Champions League XIs: Real Madrid
pecheneg
Largest US Cities 1790-2010
pecheneg
Rides in Walt Disney World
pecheneg
Most Oscar Losses (Acting)
pecheneg
Beyoncé Albums
pecheneg
Trending Topics
Harry Potter
Crossword
Marvel
NBA
Disney
Kpop
Anime
Pokémon
Song
The Office
NFL
Puzzle
Soccer
Country
WWE
Your Account Isn't Verified!
In order to create a playlist on Sporcle, you need to verify the email address you used during registration. Go to your
Sporcle Settings
to finish the process.
Report this User
Report this user for behavior that violates our
Community Guidelines
.
Details:
Send Report
Go to the Sporcle.com Mobile Site →
Comments